MARC

LEADER 00000cam a22000004a 4500
001 musev2_20397
003 MdBmJHUP
005 20230905042200.0
006 m o d
007 cr||||||||nn|n
008 061219s2007 quc o 00 0 fre d
020 |a 9782760521773 
020 |z 9782760514737 
035 |a (OCoLC)236381133 
040 |a MdBmJHUP  |c MdBmJHUP 
041 0 |a fre  |b eng 
245 0 0 |a Théories et pratiques de la lecture littéraire /   |c sous la direction de Bertrand Gervais et Rachel Bouvet. 
264 1 |a Quebec [Que.] :  |b Presses de l'Universite du Quebec,  |c 2007. 
264 3 |a Baltimore, Md. :  |b Project MUSE,   |c 2013 
264 4 |c ©2007. 
300 |a 1 online resource (294 pages). 
336 |a text  |b txt  |2 rdacontent 
337 |a computer  |b c  |2 rdamedia 
338 |a online resource  |b cr  |2 rdacarrier 
505 0 |a Table des matieres; Introduction; Partie 1_Les fondements d'une lecture litteraire; L'exercice de la lecture litteraire; Lecture, processus et situation cognitive; La lecture litteraire comme parcours dans l'aire du dire; La plaisir de l'indetermination; La reference comme effet de lecture; Partie 2_L'experience de la lecture; Une lecture sans tradition; La lecture erratique; L'interference relue et visitee; Les images sous les mots; Le parti pris de la spectature; Liste des titres sur la lecture publies par les auteurs de l'anthologie; Notices biographiques 
546 |a Comprend du texte en anglais. 
588 |a Description based on print version record. 
650 7 |a Reading  |x Research.  |2 fast  |0 (OCoLC)fst01090676 
650 7 |a Reader-response criticism.  |2 fast  |0 (OCoLC)fst01090552 
650 7 |a Books and reading.  |2 fast  |0 (OCoLC)fst00836454 
650 7 |a Authors and readers.  |2 fast  |0 (OCoLC)fst00821738 
650 7 |a LITERARY CRITICISM / General  |2 bisacsh 
650 7 |a LITERARY CRITICISM  |x Books & Reading.  |2 bisacsh 
650 6 |a Esthetique de la reception. 
650 6 |a Écrivains et lecteurs. 
650 6 |a Lecture  |x Recherche. 
650 6 |a Livres et lecture. 
650 0 |a Reader-response criticism. 
650 0 |a Authors and readers. 
650 0 |a Reading  |x Research. 
650 0 |a Books and reading. 
655 6 |a Livres electroniques. 
655 7 |a Electronic books.   |2 local 
700 1 |a Gervais, Bertrand,  |d 1957- 
700 1 |a Bouvet, Rachel,  |d 1964- 
710 2 |a Project Muse.  |e distributor 
830 0 |a Book collections on Project MUSE. 
856 4 0 |z Texto completo  |u https://projectmuse.uam.elogim.com/book/20397/ 
945 |a Project MUSE - Custom Collection 
945 |a Project MUSE - Archive Complete Supplement 
945 |a Project MUSE - Archive Literature Supplement